| 000 | 00589cam a2200217 4500 | ||
|---|---|---|---|
| 008 | 090401t1981 xxu||||| |||| 00| 0 eng d | ||
| 020 | _a0117250821 | ||
| 035 | _a(Sirsi) u44055 | ||
| 041 | _aeng | ||
| 050 | _a690 | ||
| 110 | _aBuilding Research Establishment | ||
| 245 | _aSanitary pipework. Part 2: design of pipework. | ||
| 260 |
_aGarston, Watford _bBuilding Research Establishment _c1981 |
||
| 300 | _a8p. : ill. ; 30cm. | ||
| 350 | _a0.5 | ||
| 490 |
_aBRE Digest _v249 |
||
| 650 | _aSANITARY PIPEWORK | ||
| 690 | _aBUILT ENVIRONMENT | ||
| 942 | _n0 | ||
| 948 | _c04/03/1997 | ||
| 999 |
_c91427 _d91427 |
||